[Event "FRA-chT1 1011"]
[Site "France"]
[Date "2010.12.11"]
[Round "4.5"]
[White "Peray, Sebastien"]
[Black "Hamdouchi, Adina Maria"]
[Result "0-1"]
[WhiteElo "2235"]
[BlackElo "2318"]
[PlyCount "148"]
[EventDate "2010.10.17"]
[EventType "team-tourn"]
[EventRounds "11"]
[EventCountry "FRA"]
[SourceTitle "EXT 2012"]
[Source "ChessBase"]
[SourceDate "2011.11.24"]
[SourceVersion "1"]
[SourceVersionDate "2011.11.24"]
[SourceQuality "1"]

1. e4 d6 2. d4 Nf6 3. Nc3 g6 4. Be3 c6 5. f3 Nbd7 6. Qd2 b5 7. d5 b4 8. dxc6 bxc3 9. cxd7+ Bxd7 10. Qxc3 Bg7 11. Qd2 Qc7 12. c4 Rb8 13. Rc1 a5 14. Ne2 Qb7 15. Rc2 0-0 16. Nc3 Be6 17. Bd3 Nd7 18. f4 Qb4 19. Nb5 Nc5 20. Bxc5 Qxc5 21. Qf2 Qb4+ 22. Qd2 Qc5 23. Qf2 Qxf2+ 24. Kxf2 f5 25. exf5 Bxf5 26. Bxf5 Rxf5 27. Ke3 Rbf8 28. g3 g5 29. Nd4 gxf4+ 30. gxf4 Bxd4+ 31. Kxd4 Rxf4+ 32. Kd5 Rc8 33. Ke6 Rc7 34. Rg1+ Kf8 35. Rcg2 Rf6+ 36. Kd5 Rc5+ 37. Kd4 Rf4+ 38. Kd3 Rcxc4 39. Rg8+ Kf7 40. R8g7+ Kf6 41. Rxh7 Rcd4+ 42. Kc3 e5 43. Rh6+ Kf5 44. Rh5+ Ke6 45. Rg6+ Kd5 46. Rg3 Rc4+ 47. Kb3 Rb4+ 48. Ka3 Ra4+ 49. Kb3 Rfb4+ 50. Kc2 Rxa2 51. Rd3+ Kc5 52. Rc3+ Kb5 53. Rb3 Rxb3 54. Kxb3 Ra1 55. Kc3 Kc5 56. h4 Rh1 57. Rh8 Rh3+ 58. Kc2 Rh2+ 59. Kc3 Rh3+ 60. Kc2 Kd4 61. h5 e4 62. h6 e3 63. h7 Rh2+ 64. Kb3 e2 65. Rc8 Kd3 66. Rd8 e1Q 67. Rxd6+ Ke2 68. Re6+ Kd2 69. Rxe1 Kxe1 70. Ka4 Rxh7 71. Kxa5 Kd2 72. b4 Kc3 73. b5 Kc4 74. b6 Kc5 0-1

[Event "FRA-chT1 1011"]
[Site "France"]
[Date "2010.11.13"]
[Round "2.4"]
[White "Peray, Sebastien"]
[Black "Kurmann, Oliver"]
[Result "1/2-1/2"]
[WhiteElo "2235"]
[BlackElo "2455"]
[PlyCount "97"]
[EventDate "2010.10.17"]
[EventType "team-tourn"]
[EventRounds "11"]
[EventCountry "FRA"]
[SourceTitle "EXT 2012"]
[Source "ChessBase"]
[SourceDate "2011.11.24"]
[SourceVersion "1"]
[SourceVersionDate "2011.11.24"]
[SourceQuality "1"]

1. e4 d6 2. d4 Nf6 3. Nc3 Nbd7 4. Be3 e5 5. f3 c6 6. Qd2 b5 7. d5 cxd5 8. Nxd5 a6 9. a4 Rb8 10. axb5 axb5 11. Ra7 Nxd5 12. Qxd5 Be7 13. Bxb5 0-0 14. c4 Kh8 15. Ne2 f5 16. 0-0 Nf6 17. Qd3 fxe4 18. fxe4 Ng4 19. Raa1 Rxf1+ 20. Rxf1 Be6 21. Nc3 Qg8 22. Nd5 Bxd5 23. exd5 Nxe3 24. Qxe3 Bd8 25. Qf3 Bb6+ 26. Kh1 Bc5 27. Qf5 g6 28. Qf3 Qg7 29. g3 Kg8 30. Kg2 Rf8 31. Qxf8+ Qxf8 32. Rxf8+ Kxf8 33. Kf3 Ke7 34. Ba4 Kf6 35. Bc2 h5 36. h3 Kg5 37. Bb1 Bb4 38. Be4 Bc5 39. Bb1 Bb4 40. Bd3 Bc5 41. Be2 Bb4 42. Ke4 Bc5 43. Bf3 Bb4 44. g4 hxg4 45. Bxg4 Bc5 46. Bd7 Kf6 47. Be8 Bb4 48. Kd3 Bc5 49. Ke4 1/2-1/2

[Event "Oberliga NRW 0708"]
[Site "Germany"]
[Date "2007.11.04"]
[Round "3.8"]
[White "Buendgen, Achim"]
[Black "Peray, Sebastien"]
[Result "1/2-1/2"]
[WhiteElo "2153"]
[BlackElo "2160"]
[PlyCount "61"]
[EventDate "2007.09.16"]
[EventType "team-tourn"]
[EventRounds "9"]
[EventCountry "GER"]
[SourceTitle "EXT 2009"]
[Source "ChessBase"]
[SourceDate "2008.11.26"]
[SourceVersion "1"]
[SourceVersionDate "2008.11.26"]
[SourceQuality "1"]
[WhiteTeam "Gescher"]
[BlackTeam "Aachen"]
[WhiteTeamCountry "GER"]
[BlackTeamCountry "GER"]

1. e4 e5 2. Bc4 Nf6 3. d4 exd4 4. Nf3 Nc6 5. e5 d5 6. Bb5 Ne4 7. Nxd4 Bd7 8. Bxc6 bxc6 9. 0-0 g6 10. f3 Nc5 11. f4 Ne6 12. f5 Nxd4 13. Qxd4 Bxf5 14. e6 f6 15. g4 Bxe6 16. Rxf6 Kd7 17. Nc3 Bc5 18. Qxc5 Qxf6 19. Ne4 Qf3 20. Nf2 Rhf8 21. Bg5 Rf7 22. Re1 Raf8 23. Bh4 Bxg4 24. Nd3 Rf5 25. Re7+ Kc8 26. Rxc7+ Kxc7 27. Qxa7+ Kc8 28. Qa8+ Kc7 29. Qa7+ Kc8 30. Qa8+ Kc7 31. Qa7+ 1/2-1/2

[Event "FRA-chT2 South 0708"]
[Site "France"]
[Date "2007.10.21"]
[Round "1.5"]
[White "Oliveira, Sancho"]
[Black "Peray, Sebastien"]
[Result "1-0"]
[WhiteElo "2212"]
[BlackElo "2174"]
[PlyCount "95"]
[EventDate "2007.10.21"]
[EventType "team"]
[EventRounds "11"]
[EventCountry "FRA"]
[SourceTitle "EXT 2009"]
[Source "ChessBase"]
[SourceDate "2008.11.26"]
[SourceVersion "1"]
[SourceVersionDate "2008.11.26"]
[SourceQuality "1"]
[WhiteTeam "Nice"]
[BlackTeam "Vitrolles"]
[WhiteTeamCountry "FRA"]
[BlackTeamCountry "FRA"]

1. e4 e5 2. Nf3 Nc6 3. Bb5 Nf6 4. 0-0 Nxe4 5. d4 Nd6 6. Bxc6 dxc6 7. dxe5 Nf5 8. Qxd8+ Kxd8 9. Nc3 h6 10. Rd1+ Ke8 11. b3 Ne7 12. h3 Ng6 13. Bb2 Bd7 14. Rd2 c5 15. Nd5 Rc8 16. Rad1 Be6 17. c4 Be7 18. Kh2 Bd8 19. Nc3 b6 20. Nb5 Ra8 21. Nxa7 Rxa7 22. Rxd8+ Ke7 23. Rxh8 Nxh8 24. a4 Bf5 25. Rd2 c6 26. Nh4 Be4 27. g4 Rd7 28. Re2 Ng6 29. Nf5+ Bxf5 30. gxf5 Nf4 31. Re4 g5 32. Bc1 Rd3 33. Bxf4 gxf4 34. e6 Rd4 35. Re1 Rd6 36. Kg2 fxe6 37. Kf3 Rd3+ 38. Kxf4 Rxh3 39. Rxe6+ Kf7 40. Rxc6 Rxb3 41. Ke5 Rb2 42. Rxh6 Rc2 43. Kd5 Rxf2 44. Rxb6 Rxf5+ 45. Kc6 Ke7 46. a5 Rf4 47. a6 Rxc4 48. a7 1-0

[Event "Champagne-chT"]
[Site "Ardennes"]
[Date "2005.05.05"]
[Round "7"]
[White "Pytel, Krzysztof"]
[Black "Peray, Sebastien"]
[Result "1-0"]
[WhiteElo "2384"]
[BlackElo "2194"]
[PlyCount "74"]
[EventDate "2005.05.05"]
[EventType "team"]
[EventRounds "8"]
[EventCountry "FRA"]
[SourceTitle "EXT 2007"]
[Source "ChessBase"]
[SourceDate "2006.11.23"]
[SourceVersion "1"]
[SourceVersionDate "2006.11.23"]
[SourceQuality "1"]

1. Nf3 c5 2. e3 g6 3. d4 Bg7 4. c4 Nf6 5. Nc3 0-0 6. Be2 d6 7. 0-0 Nc6 8. d5 Na5 9. e4 b6 10. Bf4 Ba6 11. Nd2 e6 12. Rc1 exd5 13. exd5 Re8 14. h3 Qd7 15. a3 Rac8 16. b3 Re7 17. Nf3 Ne4 18. Nxe4 Rxe4 19. Be3 Bb2 20. Rb1 Bxa3 21. Bd3 Ree8 22. Ng5 Bb4 23. Ne4 Rxe4 24. Bxe4 b5 25. cxb5 Qxb5 26. Qf3 f5 27. Bc2 Qe2 28. Qxe2 Bxe2 29. Rfc1 Re8 30. Bf4 Ba3 31. Re1 Bb4 32. Bxd6 Bxe1 33. Rxe1 Nb7 34. Bc7 Bb5 35. Rxe8+ Bxe8 36. Bd3 Bd7 37. Ba6 Bc8 1-0

[Event "FRA-chT2 0405"]
[Site "France"]
[Date "2004.11.07"]
[Round "3.4"]
[White "Peray, Sebastien"]
[Black "Abello, Sebastien"]
[Result "0-1"]
[WhiteElo "2194"]
[BlackElo "2252"]
[PlyCount "112"]
[EventDate "2004.10.10"]
[EventType "team"]
[EventRounds "11"]
[EventCountry "FRA"]
[SourceTitle "EXT 2006"]
[Source "ChessBase"]
[SourceDate "2005.11.24"]
[SourceVersion "1"]
[SourceVersionDate "2005.11.24"]
[SourceQuality "1"]

1. Nf3 c5 2. g3 Nc6 3. Bg2 g6 4. 0-0 Bg7 5. c4 e5 6. Nc3 Nge7 7. d3 d6 8. Rb1 0-0 9. a3 a5 10. Ne1 Be6 11. Be3 f5 12. Nd5 Bxd5 13. cxd5 Nd4 14. Bg5 a4 15. Nc2 h6 16. Nxd4 exd4 17. Bd2 b5 18. b3 Qd7 19. bxa4 bxa4 20. Qc1 Kh7 21. Rb6 Nc8 22. Rb2 Qe7 23. Qb1 Ra7 24. Bf3 g5 25. h3 Qc7 26. Rb8 Ne7 27. Rxf8 Bxf8 28. Qb5 Ng6 29. Rb1 Ne5 30. Bg2 Bg7 31. g4 c4 32. dxc4 Qxc4 33. Qxc4 Nxc4 34. Bb4 Be5 35. gxf5 Kg7 36. Be4 Bf4 37. Rd1 Be5 38. Rc1 Nb2 39. Rc6 Rd7 40. Bc2 Kf6 41. Kg2 h5 42. Kf3 Rd8 43. Kg2 Bf4 44. Be4 g4 45. h4 Ke5 46. f3 Nd1 47. Rc7 Ne3+ 48. Kh1 Nxf5 49. Bxf5 Kxf5 50. e4+ Kf6 51. fxg4 hxg4 52. Rc2 Ke5 53. Re2 Rh8 54. Be1 g3 55. Kg2 Rxh4 56. Kf3 Rh2 0-1

[Event "FRA-ch U20"]
[Site "Hyeres"]
[Date "2002.??.??"]
[Round "8.4"]
[White "Peray, Sebastien"]
[Black "Abergel, Thal"]
[Result "0-1"]
[WhiteElo "2175"]
[BlackElo "2307"]
[PlyCount "82"]
[EventDate "2002.04.05"]
[EventType "swiss"]
[EventRounds "9"]
[EventCountry "FRA"]
[SourceTitle "EXT 2003"]
[Source "ChessBase"]
[SourceDate "2002.11.25"]
[SourceVersion "1"]
[SourceVersionDate "2002.11.25"]
[SourceQuality "1"]

1. Nf3 c5 2. g3 Nf6 3. Bg2 e6 4. 0-0 Be7 5. c4 0-0 6. Nc3 a6 7. d4 cxd4 8. Nxd4 d6 9. e4 Qc7 10. Qe2 Nc6 11. Nxc6 bxc6 12. Be3 e5 13. c5 dxc5 14. Na4 Be6 15. Bxc5 Rfb8 16. Rfc1 a5 17. b3 Bxc5 18. Nxc5 Bg4 19. Bf3 Bxf3 20. Qxf3 Rd8 21. Rc2 Rd4 22. Rac1 Rad8 23. Qe2 h5 24. f3 R8d6 25. Qa6 Qd8 26. Qe2 Qb6 27. Kh1 Qb4 28. Qe3 Qb6 29. Qe2 Qa7 30. Qa6 Qc7 31. Qe2 h4 32. gxh4 Nh5 33. Rg1 Nf4 34. Qe1 Qe7 35. Qxa5 Qxh4 36. Nb7 Qh5 37. Rf2 Rd2 38. Nxd6 Rxf2 39. Qd8+ Kh7 40. Rxg7+ Kxg7 41. Ne8+ Kh7 0-1

[Event "FRA-ch U18"]
[Site "Amiens"]
[Date "2001.04.11"]
[Round "5"]
[White "Templier, Nicolas"]
[Black "Peray, Sebastien"]
[Result "1/2-1/2"]
[WhiteElo "2223"]
[BlackElo "2116"]
[PlyCount "50"]
[EventDate "2001.04.07"]
[EventType "swiss"]
[EventRounds "9"]
[EventCountry "FRA"]
[SourceTitle "EXT 2005"]
[Source "ChessBase"]
[SourceDate "2004.11.15"]
[SourceVersion "1"]
[SourceVersionDate "2004.11.15"]
[SourceQuality "1"]

1. d4 Nf6 2. c4 c5 3. d5 e5 4. Nc3 d6 5. g3 g6 6. Bg2 Bg7 7. e4 0-0 8. Nge2 Nbd7 9. 0-0 Ne8 10. h3 f5 11. f4 Ndf6 12. Kh2 a6 13. Be3 Nxe4 14. Nxe4 fxe4 15. Qd2 exf4 16. Bxf4 Qb6 17. Nc3 Nf6 18. Rae1 Bd7 19. Nxe4 Nxe4 20. Rxe4 Bf5 21. Re2 Rae8 22. b3 Rxe2 23. Qxe2 Qd8 24. h4 Re8 25. Qd2 Qe7 1/2-1/2

[Event "FRA-chT U20"]
[Site "Pau"]
[Date "2000.??.??"]
[Round "6"]
[White "Housieaux, David"]
[Black "Peray, Sebastien"]
[Result "1-0"]
[WhiteElo "2186"]
[BlackElo "2057"]
[PlyCount "69"]
[EventDate "2000.??.??"]
[EventType "team-swiss"]
[EventCountry "FRA"]
[SourceTitle "EXT 2001"]
[Source "ChessBase"]
[SourceDate "2000.11.22"]
[SourceVersion "1"]
[SourceVersionDate "2000.11.22"]
[SourceQuality "1"]

1. d4 Nf6 2. c4 c5 3. d5 e5 4. Nc3 d6 5. g3 Be7 6. Bg2 0-0 7. e4 Ne8 8. Nge2 Nd7 9. 0-0 g6 10. f4 exf4 11. gxf4 Ng7 12. Kh1 f5 13. Ng3 fxe4 14. Ncxe4 Nf6 15. Ng5 h6 16. Ne6 Nxe6 17. dxe6 Bxe6 18. f5 Bxc4 19. Rf4 Bf7 20. fxg6 Bxg6 21. Nf5 Kh7 22. Nxh6 Nh5 23. Rg4 Qe8 24. Qd2 Rf6 25. Bd5 Bf8 26. Ng8 Rf5 27. Be4 Rf1+ 28. Kg2 Bxe4+ 29. Kxf1 Qf7+ 30. Kg1 Qf3 31. Qg5 Qh1+ 32. Kf2 Qxh2+ 33. Ke1 Qh1+ 34. Rg1 Qh2 35. Qxh5+ 1-0

[Event "Provence-ch Principal 9900"]
[Site "France"]
[Date "2000.??.??"]
[Round "6"]
[White "Peray, Sebastien"]
[Black "Deleau, Denis"]
[Result "1-0"]
[WhiteElo "2057"]
[BlackElo "2112"]
[PlyCount "99"]
[EventDate "1999.??.??"]
[EventType "tourn"]
[EventRounds "9"]
[EventCountry "FRA"]
[SourceTitle "EXT 2005"]
[Source "ChessBase"]
[SourceDate "2004.11.15"]
[SourceVersion "1"]
[SourceVersionDate "2004.11.15"]
[SourceQuality "1"]

1. d4 g6 2. c4 Bg7 3. Nc3 d6 4. e4 Nc6 5. Nge2 e5 6. d5 Nce7 7. f3 f5 8. Be3 Nf6 9. Qd2 0-0 10. 0-0-0 fxe4 11. Nxe4 Nf5 12. Bg5 Nxe4 13. fxe4 Qxg5 14. Qxg5 Bh6 15. Qd2 Bxd2+ 16. Kxd2 Nh6 17. h3 Bd7 18. g4 Kg7 19. Bg2 Rf2 20. Rhg1 Raf8 21. Ke3 Ng8 22. b4 Ne7 23. Rd2 h5 24. gxh5 Bxh3 25. Bh1 Kh6 26. hxg6 Nxg6 27. Rg3 Rh2 28. Ng1 Rxh1 29. Rxh3+ Rxh3+ 30. Nxh3 Nh4 31. Rf2 Rg8 32. Rf6+ Kh5 33. Nf2 Rg3+ 34. Kd2 Nf3+ 35. Kc1 Nd4 36. Nd1 Rf3 37. Rxf3 Nxf3 38. Kc2 Kg4 39. Nc3 Nd4+ 40. Kd3 Kf4 41. Nd1 a6 42. c5 Nf3 43. Nc3 Ng5 44. a4 a5 45. c6 bxc6 46. bxa5 cxd5 47. Nxd5+ Kf3 48. a6 Nxe4 49. a7 Nc5+ 50. Kc2 1-0

[Event "Provence-ch Principal 9900"]
[Site "France"]
[Date "2000.??.??"]
[Round "9"]
[White "Peray, Sebastien"]
[Black "Soalleiro, Jean"]
[Result "1/2-1/2"]
[WhiteElo "2057"]
[BlackElo "2120"]
[PlyCount "59"]
[EventDate "1999.??.??"]
[EventType "tourn"]
[EventRounds "9"]
[EventCountry "FRA"]
[SourceTitle "EXT 2005"]
[Source "ChessBase"]
[SourceDate "2004.11.15"]
[SourceVersion "1"]
[SourceVersionDate "2004.11.15"]
[SourceQuality "1"]

1. d4 Nf6 2. Nf3 e6 3. g3 b6 4. Bg2 Bb7 5. 0-0 c5 6. c3 Be7 7. Nbd2 0-0 8. Re1 Ne4 9. Qc2 Nxd2 10. Bxd2 f5 11. b4 Be4 12. Qb2 Nc6 13. a4 Rb8 14. Red1 g5 15. Ne5 Bxg2 16. Kxg2 Qc7 17. Nxc6 Qxc6+ 18. f3 a5 19. dxc5 Bf6 20. Be3 axb4 21. Qxb4 bxc5 22. Qxc5 Qa6 23. Ra2 Rfc8 24. Qd6 Qc4 25. Rad2 Bxc3 26. Rc2 Rb2 27. Rxb2 Bxb2 28. Kf2 Qxa4 29. Qxd7 Qxd7 30. Rxd7 1/2-1/2

[Event "Provence-ch Majeur op 9899"]
[Site "France"]
[Date "1999.??.??"]
[Round "9"]
[White "Peray, Sebastien"]
[Black "Deleau, Denis"]
[Result "1-0"]
[WhiteElo "2010"]
[BlackElo "2050"]
[PlyCount "82"]
[EventDate "1998.??.??"]
[EventType "swiss"]
[EventRounds "9"]
[EventCountry "FRA"]
[SourceTitle "EXT 2005"]
[Source "ChessBase"]
[SourceDate "2004.11.15"]
[SourceVersion "1"]
[SourceVersionDate "2004.11.15"]
[SourceQuality "1"]

1. e4 e5 2. Nf3 Nc6 3. Bc4 Nf6 4. d3 Bc5 5. 0-0 a6 6. c3 b5 7. Bb3 d6 8. h3 Bb7 9. Re1 Bb6 10. Nbd2 Qd7 11. Nf1 0-0-0 12. Be3 h6 13. Bxb6 cxb6 14. Ne3 g5 15. a4 Na5 16. axb5 axb5 17. Ba2 g4 18. hxg4 Nxg4 19. Nd5 Bxd5 20. Bxd5 Nf6 21. c4 Rhg8 22. Re3 b4 23. Ne1 Nxd5 24. cxd5 Qb5 25. Qh5 Rg6 26. Rf3 Qd7 27. Nc2 Rdg8 28. g3 Kb7 29. Qf5 Qxf5 30. Rxf5 b3 31. Rxf7+ Ka6 32. Ne3 R8g7 33. Rxg7 Rxg7 34. Rc1 Nb7 35. Rc6 Nc5 36. Nc4 Rb7 37. Rxd6 Nxd3 38. Rxh6 Rc7 39. Rxb6+ Ka7 40. Rxb3 Nxf2 41. Kxf2 Rxc4 1-0

[Event "Provence-ch Majeur op 9899"]
[Site "France"]
[Date "1999.??.??"]
[Round "4"]
[White "Peray, Sebastien"]
[Black "Ferrero, Patrick"]
[Result "1-0"]
[WhiteElo "2010"]
[BlackElo "1870"]
[PlyCount "79"]
[EventDate "1998.??.??"]
[EventType "swiss"]
[EventRounds "9"]
[EventCountry "FRA"]
[SourceTitle "EXT 2005"]
[Source "ChessBase"]
[SourceDate "2004.11.15"]
[SourceVersion "1"]
[SourceVersionDate "2004.11.15"]
[SourceQuality "1"]

1. e4 e5 2. d4 exd4 3. Qxd4 Nc6 4. Qe3 g6 5. Bd2 Bg7 6. Nc3 d6 7. 0-0-0 Be6 8. f4 Nf6 9. h3 Qe7 10. g4 0-0-0 11. Bb5 Kb8 12. f5 gxf5 13. Bxc6 f4 14. Qd3 bxc6 15. Bxf4 Nd7 16. Nge2 Nc5 17. Qe3 Ka8 18. Nd4 Bd7 19. Qf3 Ne6 20. Nf5 Ng5 21. Qe3 Bxf5 22. Bxg5 f6 23. exf5 Qf7 24. Bh4 h5 25. Qe4 d5 26. Qa4 Qd7 27. Bf2 c5 28. Qxd7 Rxd7 29. Bxc5 c6 30. Bd4 Rb8 31. Rhe1 Rdb7 32. b3 Bf8 33. Kb2 c5 34. Bxf6 d4 35. Ne4 Rb5 36. g5 Ra5 37. Be5 Rbb5 38. Bd6 c4 39. Bxf8 c3+ 40. Nxc3 1-0

[Event "Provence-ch Principal 9900"]
[Site "France"]
[Date "1999.??.??"]
[Round "1"]
[White "Pieri, Thierry"]
[Black "Peray, Sebastien"]
[Result "0-1"]
[WhiteElo "1920"]
[BlackElo "2057"]
[PlyCount "112"]
[EventDate "1999.??.??"]
[EventType "tourn"]
[EventRounds "9"]
[EventCountry "FRA"]
[SourceTitle "EXT 2005"]
[Source "ChessBase"]
[SourceDate "2004.11.15"]
[SourceVersion "1"]
[SourceVersionDate "2004.11.15"]
[SourceQuality "1"]

1. e4 c5 2. Nf3 e6 3. c3 Nf6 4. e5 Nd5 5. d4 cxd4 6. Bc4 Nb6 7. Bb3 d6 8. cxd4 Nc6 9. 0-0 Be7 10. Nc3 a6 11. Qe2 d5 12. Bc2 Bd7 13. a3 Rc8 14. Bd3 Na5 15. Be3 Nbc4 16. Rac1 b5 17. Qc2 h6 18. Nd2 Qb6 19. Nxc4 bxc4 20. Be2 Rb8 21. Rb1 Nb3 22. Rfd1 Qa5 23. Bh5 Ba4 24. Nxa4 Qxa4 25. f4 Nc5 26. Rd2 Qxc2 27. Rxc2 Na4 28. Bd2 0-0 29. Bc3 Rb3 30. Ra1 Rfb8 31. Ra2 Nxc3 32. bxc3 Bxa3 33. Kf2 Rb2 34. Ke3 Rxc2 35. Rxc2 Rb3 36. Kd2 Bb2 37. Bd1 a5 38. Ke2 Bxc3 39. Ra2 Rb2+ 40. Rxb2 Bxb2 41. Ke3 Kf8 42. g4 Ke7 43. f5 Bc1+ 44. Ke2 f6 45. exf6+ Kxf6 46. fxe6 Kxe6 47. h4 h5 48. gxh5 Kf5 49. Kf3 Bd2 50. Bc2+ Kf6 51. Ke2 Bb4 52. Kf3 Be1 53. Ke2 Bxh4 54. Kd2 Kg5 55. Bd1 Kf4 56. Bc2 Bf2 0-1